Pelangi haven /

Shranjeno v:
Bibliografske podrobnosti
Glavni avtor: Van der Zee, Karen
Format: Knjiga
Jezik:English
Izdano: London : Mills & Boon, 1985.
Izdaja:1st Australian pbk. ed.
Serija:Mills & Boon romance ; 2404
LEADER 00826nam a2200241 a 4500
001 c000263643
003 CARM
005 20070628113921.0
008 070628s1985 enk 000 1 eng d
019 1 |a 50071734  |5 LACONCORD2021 
020 |a 0263750701 (pbk.) 
035 |a (OCoLC)812539920  |5 LACONCORD2021 
040 |a VCAV  |b eng  |c VCAV 
042 |a anuc 
100 1 |a Van der Zee, Karen. 
245 1 0 |a Pelangi haven /  |c by Karen Van der See. 
250 |a 1st Australian pbk. ed. 
260 |a London :  |b Mills & Boon,  |c 1985. 
300 |a 192 p. 
490 0 |a Mills & Boon romance ;  |v 2404 
852 8 |b CARM  |h A1:AN03A0  |i A04377  |p 0345513  |f BK 
999 f f |i 327c3162-a84f-5d7f-a0f6-4201f7b450ea  |s 4b3d8b5d-9fbf-57a4-b5df-c3f9c836067f 
952 f f |p Can circulate  |a CAVAL  |b CAVAL  |c CAVAL  |d CARM 1 Store  |e A04377  |f A1:AN03A0  |h Other scheme  |i book  |m 0345513